| 000 | 00664nam a2200253Ia 4500 | ||
|---|---|---|---|
| 005 | 20250425162136.0 | ||
| 008 | 250425s9999 xx 000 0 und d | ||
| 020 | _a9688803537 | ||
| 041 | _aspa | ||
| 082 | _a338.54422 | ||
| 100 | _aHIRSHLEIFER, JACK | ||
| 245 | 0 | _aMICROECONOMIA, TEORIA Y APLICACIONES | |
| 250 | _a5A ED. | ||
| 260 | _aMEXICO | ||
| 260 |
_aMéxico _bPRENTICE HALL _c1994 |
||
| 300 | _a610 | ||
| 500 | _aEN CIBGZ-FIMCP D-30656 PARA INGE. MECANICA Y ADM. DE LA PRODUCCION. | ||
| 650 | _aESTRATEGIAS | ||
| 650 | _aMERCADO DE PRODUCTOS | ||
| 650 | _aMICROECONOMIA | ||
| 710 | _aJACK HIRSHLEIFER | ||
| 942 | _c01 | ||
| 010 | _a52719 | ||
| 999 |
_c223149 _d223149 |
||